Acteur français : Serge Sauvion - spécialiste du doublage - Statistiques

Statistiques générales
  • Ce quiz a été pris 8 fois
  • Le résultat moyen est 12 sur 16
Statistiques - réponses
Questions Réponses % Correct
Lieutenant de police d'une série télévisée américaine dont Serge Sauvion était la voix française. Columbo
100%
Dialoguiste qui a écrit les répliques des deux films de Georges Lautner cités ci-dessus (réponses #1 et #3). Michel Audiard
100%
Acteur américain qui incarnait le personnage précédent. Peter Falk
100%
Chaîne de radio sur les ondes de laquelle Serge Sauvion présenta cette émission. Europe 1
88%
Auteur-compositeur interprète belge qui réalisa également le film "Franz" dans lequel Serge Sauvion joua le rôle de Serge. Les deux hommes ont également tourné ensemble dans "Les Assassins de l'ordre" de Marcel Carné. Jacques Brel
88%
Film de Georges Lautner dans lequel Serge Sauvion joue le rôle d'un inspecteur de police, René, aux côtés de Jean Gabin et de Robert Dalban. Le Pacha
88%
Cinéaste britannique, reconnu comme le "maître du suspense". Serge Sauvion anima de 1988 à 1990 une émission radiodiffusée consacrée au monde du polar britannique, dédiée à ce cinéaste : Crime story, les rendez-vous d’____ ______. Sir Alfred Hitchcock
88%
Acteur qui donne la réplique à Serge Sauvion dans cette même scène. Lino Ventura
75%
Acteur chauve, russe aux origines mongoles et suisse qui joua le rôle de Pancho Villa dans le film éponyme de Buzz Kulik, rôle dans lequel il est doublé par Serge Sauvion. Yul Brynner
75%
Acteur américain d'origine lituanienne, connus pour ses westerns et ses films policiers d'action. Il a été doublé par Serge Sauvion dans le western "Quatre du Texas" et le film d'action "Le Flingueur". Charles Bronson
63%
Western spaghetti de Sergio Leone dans lequel Klaus Kinski était doublé par Serge Sauvion (titre italien ou français accepté). Et pour quelques dollars de plus
63%
Personnage des aventures de Tintin, ennemi juré du petit reporter, à qui Serge Sauvion prêta sa voix dans les dessins animés diffusé à partir de 1991. Roberto Rastapopoulos
63%
Acteur américain d'origine amérindienne (Cherokee) et irlandaise que Serge Sauvion doubla dans une dizaine de films entre 1961 et 1987 dont "Cours après moi shérif" ou "Gator". Burt Reynolds
50%
Film de Georges Lautner dans lequel Serge Sauvion joue le rôle d'un commissaire dans une scène d'ouverture pré-générique mémorable. Ne nous fâchons pas !
50%
Prénom de la fille de Serge Sauvion, réalisatrice et journaliste sur Canal +. Marie
38%
Acteur cubain que doubla Serge Sauvion dans "Saludos hombre" (Corri uomo corri), le western spaghetti du sous-genre "Zapata", réalisé par Sergio Sollima. Tomás Milián
38%
Aucun quiz correspondant
Distribution des résultats
% des personnes avec chaque résultat
Percentile par nombre de réponses
Votre historique - résultats
Vous n’avez pas pris ce quiz